000 01212nac a22003977a 4500
001 BR8305300
003 BR-BrBNA
005 20240105115847.0
008 230509b bl.|||m| |||| 00| 0 por d
040 _aBR-BrBNA
_bpor
_cBiblioteca Nacional de Agricultura
072 _aH10; H20
090 _a0430 BR8305300
100 1 _aLima, E.F.
100 1 _aAzevedo, D.M.P. de
100 1 _aCarvalho, J.M.F.C. de
100 1 _aJesus, F. de M.M. de
110 1 _aCentro Nacional de Pesquisa do Algodao, Campina Grande, PB (Brasil)
_91702
245 1 _aPragas e doencas do algodoeiro na regiao de Guanambi, Bahia, recomendacoes sobre o seu controle [Brasil]
260 3 _aCampina Grande, PB (Brasil):
_c1983.
300 _a31 p.
490 _aDocumentos - Centro Nacional de Pesquisa do Algodao (Brazil)
_vno. 27
_x
500 _a7 illus.; 23 ref.
650 _aALGODAO
650 _aPULGAO
650 _aLAGARTA
650 _aCURUQUERE
650 _aACARO
650 _aMURCHA DE FUSARIUM
650 _aOIDIO
650 _aCONTROLE QUIMICO
650 _aINSETICIDA
650 _aFUNGICIDA
650 _aBAHIA
909 _a202312
_bLúcia Elande
_c55
_dLúcia Elande
942 _2AGRIS
_n0
_cMS
999 _c276758
_d276758